رجال بيض أغبياء / (Record no. 15897)
[ view plain ]
| 000 -الفاتح | |
|---|---|
| حقل البيانات ثابتة الطول | 00877nam a22001817a 4500 |
| 008 - عناصر البيانات ثابتة الطول - معلومات عامة | |
| حقل البيانات ثابتة الطول | 110823s2003 le|||||r|||| 000 0 ara d |
| 020 ## - الرقم الدولى المعيارى للكتب | |
| الرقم الدولى المعيارى للكتاب | 995329724x |
| 082 ## - رقم تصنيف ديوى العشرى | |
| رقم الطبعة | 22 |
| رقم المادة | م و و |
| رقم التصنيف | 320.973 |
| 100 1# - المدخل الرئيسى - إسم شخصى | |
| 9 (RLIN) | 26856 |
| الإسم الشخصى | موور، مايكل |
| 240 ## - العنوان الموحد | |
| عنوان موحد | Stupid White Men |
| 245 ## - بيان العنوان | |
| العنوان | رجال بيض أغبياء / |
| بيان المسئوليه,etc | تأليف مايكل موور ؛ ترجمة مركز التعريب والبرمجة |
| 260 ## - PUBLICATION, DISTRIBUTION, ETC. (IMPRINT) | |
| مكان الناشر او الموزع | بيروت : |
| اسم الناشر او الموزع | الدار العربية للعلوم ، |
| تاريخ النشر أو التوزيع | 2003. |
| 300 ## - الوصف المادى | |
| التعداد | 288 ص ؛ |
| أبعاد الوعاء | 24 سم . |
| 651 ## - المدخل الاضافى بالموضوع - اسم جغرافى | |
| 9 (RLIN) | 29584 |
| الاسم الجغرافي | الولايات المتحدة الأمريكية |
| التقسيم الفرعي العام | سياسة وحكومة |
| 710 ## - المدخل الاضافى - اسم هيئه | |
| 9 (RLIN) | 26858 |
| اسم الهيئة أو اسم السلطة كمدخل | مركز التعريب والترجمة |
| الدور | مترجم |
| 942 ## - عناصر المدخل الإضافي( كوها) | |
| مصدر التصنيف او مخطط الترفيف | Dewey Decimal Classification |
| Koha [default] item type | Book - Borrowing |
| حالة التراجع | حالة الفقد | مصدر التصنيف او خطة الترفيف | حالة تلف | ليس للاعارة | مجموعات كوها | المكان الدائم | المكان الحالي | موقع الترفيف | تاريخ الاكتساب | Source of acquisition | رقم الاستدعاء | الباركود | Date last seen | نوع الوعاء |
|---|---|---|---|---|---|---|---|---|---|---|---|---|---|---|
| Dewey Decimal Classification | Alef-Baa | Central Library | Central Library | First floor | 23/08/2011 | 320.973 م و و | 000024102 | 15/07/2025 | Book - Borrowing |